Biblioteka Instytutu Północnego w Olsztynie

Widok standardowy Widok MARC

Pozycja Corporate Name

Liczba rekordów, w których użyto hasła: 1

001 - Numer kontrolny

  • control field: 35226

003 - Identyfikator numeru kontrolnego

  • control field: NUKAT

005 - Data i czas ostatniej modyfikacji

  • control field: 20251218110148.0

008 - Dane kontrolne kodowane (40 znaków)

  • fixed length control field: 971002n||a|znnaabn |a ana |c

010 ## - Numer kontrolny Biblioteki Kongresu

  • numer kontrolny LC: n 97048245

024 7# - OTHER STANDARD IDENTIFIER

  • Standard number or code: 165590800
  • Source of number or code: viaf

040 ## - Instytucja sporządzająca rekord

  • inst. przygot. dane do rek. khw: KR U/MBK
  • język haseł przedmiotowych/tezaurus: kaba
  • inst. wprow. rek. khw: KR U/MBK

110 2# - Hasło - nazwa ciała zbiorowego

  • nazwa ciała zbior. lub geogr. na pocz.: Fundacja "Pomerania" (Toruń).

410 0# - Trop zob. - nazwa ciała zbiorowego

  • nazwa ciała zbior. lub geogr. na pocz.: Pomerania, Fundacja.

410 2# - Trop zob. - nazwa ciała zbiorowego

  • nazwa ciała zbior. lub geogr. na pocz.: Fundacja "Pomerania" w Toruniu.

670 ## - Źródło informacji

  • źródło informacji: Kp. Czasy Nowożytne : periodyk poświęcony dziejom polskim i europejskim od XV do XX wieku / [Fundacja "Pomerania" w Toruniu ; Fundacja Uniwersytecka KUL w Stalowej Woli] ; T.1. - Toruń [et al.]. - 1996.
Biblioteka Instytutu Północnego, ul. Partyzantów 87, 10-402 Olsztyn, email: biblioteka(at)ip.olsztyn.pl